Quiz clic sur la famille Simpson (4) - Statistiques

Statistiques générales
  • Ce quiz a été pris 47 fois
  • Le résultat moyen est 14 sur 25
Statistiques - réponses
Hint Réponse % Correct
est devenu célèbre en prononçant la phrase "j'ai rien fait" Bart
87%
a transformé tous les habitants en tétine lors d'un Horror Show Maggie
84%
a créé un produit rendant les brutes inoffensives face aux surdoués Lisa
82%
est allé à Las Vegas avec Ned Flanders Homer
79%
a trouvé le journal intime de sa professeur d'école Bart
76%
a failli mourir en mangeant du fugu Homer
76%
s'est mis l'Australie à dos à cause d'un appel téléphonique Bart
71%
s'est fait une hernie inguinale Homer
71%
parraine un orphelin au Brésil Lisa
71%
a créé un journal indépendant pour concurrencer Burns Lisa
71%
a déterré un squelette d'ange Lisa
68%
est accro aux jeux d'argent Marge
61%
a été critique d'émissions télé Homer
58%
a peur de l'avion Marge
58%
a tiré sur son père avec une cloueuse Maggie
53%
a peint un portrait nu de Mr Burns Marge
53%
a fait voter une loi anti-brutalité Marge
50%
a découvert une comète Bart
45%
a traversé les gorges de Springfield sur un skate board Homer
42%
s'est faite emmener par Kearney à l'hôpital pour son accouchement dans le futur Maggie
42%
a fini en prison après avoir commis un vol au mini-marché Marge
42%
a rejoint le groupe Mensa Lisa
39%
est devenu doubleur de voix-off Bart
24%
est allergique aux poires Maggie
24%
est fort(e) en escrime Maggie
21%
Aucun quiz correspondant
Distribution des résultats
% des personnes avec chaque résultat
Percentile par nombre de réponses
Votre historique - résultats
Vous n’avez pas pris ce quiz